00521nam a2200193 a 4500001001300000003000900013005001700022008004100039020001000080082001300090100003200103245003400135260004700169300000900216500003500225505001000260650002500270700003200295nice12345678IN_TiNIC20260116012728.0050524s0000 newa grp 000 0 eng  ac10000a640bREA aReaders Digestassociation,  aHow to Do Just About Anything aNew YorkbReaders Digest Associationc0000 a448p aincludes index and biblioraphy2 aIndex aHousehold-Management1 aReaders Digestassociation,